00302 a2200133 450000100060000002000140000604000220002010000230004224000400006524500350010530000080014036200090014865000110015761635 a858563029 cAnchieta - Pituba aMuraro, Rose Marie10aOs seis meses em que fui homemlpor10aOs seis meses em que fui homem a2720 a1993 4aMulher